000 00693nam a2200205 i 4500
001 58370
003 ES-MaACL
005 20250920063040.0
007 t|
008 031022s1968 sp ||||1| spa d
100 1 _aDuverger, Maurice,
_d1917-2014
_946383
245 1 0 _aHacienda pública /
_cMaurice Duverger ; traducción de José Luis Ruiz Travesi ; prólogo Matías Cortés Domínguez.
260 _aBarcelona :
_bBosch,
_c[1968]
300 _a445 p. ;
_c23 cm.
650 7 _aHacienda pública
_2embne
_913279
700 1 _aRuiz Travesi, José Luis.
_9100941
700 1 _aCortés Domínguez, Matías.
_940883
852 _aES-MaACL
_jC-34574
_bR.66640
999 _c58370
_d58370